Meilleur buteur en championnat par année - Girondins de Bordeaux - Statistiques

Statistiques générales
  • Ce quiz a été pris 55 fois
  • Le résultat moyen est 14 sur 35
Statistiques - réponses
Saison Championnat Meilleur buteur en championnat Nombre de but en championnat % Correct
2015/2016 Ligue 1 Cheick Diabaté 10
77%
2013/2014 Ligue 1 Cheick Diabaté 12
77%
2004/2005 Ligue 1 Marouane Chamakh 10
72%
2002/2003 Ligue 1 Pauleta 23
68%
2001/2002 Ligue 1 Pauleta 22
68%
2000/2001 Ligue 1 Pauleta 20
68%
2024/2025 National 2 Andy Caroll 11
66%
2017/2018 Ligue 1 Malcom 12
66%
2008/2009 Ligue 1 Fernando Cavenaghi 13*
64%
2007/2008 Ligue 1 Fernando Cavenaghi 15
64%
1992/1993 Ligue 1 Zinédine Zidane 10
62%
2016/2017 Ligue 1 Diego Rolán 9
49%
2014/2015 Ligue 1 Diego Rolán 15
49%
1999/2000 Ligue 1 Lilian Laslandes 14
49%
1997/1998 Ligue 1 Lilian Laslandes 14
49%
1998/1999 Ligue 1 Sylvain Wiltord 22
49%
2012/2013 Ligue 1 Yoan Gouffran 8*
49%
2011/2012 Ligue 1 Yoan Gouffran 14
49%
2006/2007 Ligue 1 Jean-Claude Darcheville 7
43%
2005/2006 Ligue 1 Jean-Claude Darcheville 8
43%
2022/2023 Ligue 2 Josh Maja 16
43%
2019/2020 Ligue 1 Jimmy Briand 7
38%
2009/2010 Ligue 1 Wendel 11
34%
2018/2019 Ligue 1 François Kamano 10
32%
2021/2022 Ligue 1 Ui-jo Hwang 11
28%
2020/2021 Ligue 1 Ui-jo Hwang 12
28%
2023/2024 Ligue 2 Zan Vipotnik 10
26%
1996/1997 Ligue 1 Jean-Pierre Papin 16
17%
2010/2011 Ligue 1 Anthony Modeste 10
9%
1995/1996 Ligue 1 Anthony Bancarel 7*
2%
2003/2004 Ligue 1 Juan Pablo Francia 7*
2%
1993/1994 Ligue 1 Stéphane Paille 10
2%
1990/1991 Ligue 1 Patrick Vervoort 7
0%
1991/1992 Ligue 2 Thierry Fernier 11
0%
1994/1995 Ligue 1 Valdeir 11
0%
Aucun quiz correspondant
Distribution des résultats
% des personnes avec chaque résultat
Percentile par nombre de réponses
Votre historique - résultats
Vous n’avez pas pris ce quiz